Catálogo
 En Linea

Ciência da informaçao : múltiplos diálogos. (Registro nro. 33957)

Detalles MARC
000 -CABECERA
campo de control de longitud fija 00289nam a2200109 a 4500
005 - FECHA Y HORA DE LA ÚLTIMA TRANSACCIÓN
campo de control 20200930073720.0
008 - DATOS DE LONGITUD FIJA--INFORMACIÓN GENERAL
campo de control de longitud fija 111004s2009 000 spa d
020 ## - NÚMERO INTERNACIONAL ESTÁNDAR DEL LIBRO
Número Internacional Estándar del Libro 9788560810161
040 ## - FUENTE DE LA CATALOGACIÓN
Centro catalogador/agencia de origen DO-SdBNP
245 #0 - MENCIÓN DE TÍTULO
Título Ciência da informaçao : múltiplos diálogos.
260 ## - PUBLICACIÓN, DISTRIBUCIÓN, ETC.
Lugar de publicación, distribución, etc. Marília,
Fecha de publicación, distribución, etc. 2009.

No hay ítems disponibles.

Con tecnología Koha